| 000 | 00441nam a2200157 a 4500 | ||
|---|---|---|---|
| 001 | 000047230 | ||
| 005 | 20201002053451.0 | ||
| 008 | 180424s2017 dr a r 000 0 spa d | ||
| 020 | _a9789945176407 | ||
| 040 |
_aDO-SdBNP _bspa _cBNPHU |
||
| 082 |
_axxxx _bxxxx |
||
| 245 | 0 | 0 |
_aHola, Jesús 2 secundaria : _breligión católica. |
| 260 |
_aSanto Domingo : _bSM, _c2017. |
||
| 300 |
_a127 p. : _ail. ; _c28 cm. |
||
| 590 | _aInventariado, 2018/BT | ||
| 999 |
_c46718 _d46718 |
||